Renkli bilgiler kitaplığı: (Record no. 21087)

MARC details
000 -BAŞLIK
Sabit Uzunluktaki Kontrol Alanı 00633nam a22001937a 4500
003 - KONTROL NUMARASI KİMLİĞİ
Kontrol Alanı koha_MIRAKIL
005 - EN SON İŞLEM TARİHİ ve ZAMANI
Kontrol Alanı 20241121102142.0
008 - SABİT UZUNLUKTAKİ VERİ ÖGELERİ - GENEL BİLGİ
Sabit Alan 241121b tur||||| |||| 00| 0 tur d
020 ## - ISBN - ULUSLARARASI STANDART KİTAP NUMARASI
Isbn 9750902572
040 ## - KATALOGLAMA KAYNAĞI
Özgün Kataloglama Kurumu TR-IsEVY
Kataloglama Dili tur
Çeviri Kurumu TR-IsEVY
082 ## - DEWEY ONU SINIFLAMA SİSTEMİ
Sınıflama Numarası R 740
Cutter numarası ROC/R
100 ## - KİŞİ ADI
Yazar Adı (Kişi adı) Rockett, Sabine
245 #0 - ESER ADI BİLDİRİMİ
Başlık Renkli bilgiler kitaplığı:
Alt Eseradı vb. hem eğlen hem öğren /
Sorumluluk Bildirimi Sabine Rockett.
260 ## - YAYIN, DAĞITIM, VB.
Yayın Yeri İstanbul :
Yayınevi ABC Kitabevi.
Yayın Tarihi 1996.
300 ## - FİZİKSEL TANIMLAMA
Sayfa, Cilt vb. 88 s. :
Diğer fiziki detaylar renkli resimli ;
Boyutları 29 cm.
490 0# - DİZİ BİLDİRİMİ
Dizi Bildirimi Renkli Bilgiler Kitaplığı.
650 ## - KONU BAŞLIĞI EK GİRİŞ - KONU TERİMİ
Konusal terim veya coğrafi ad Başvuru Kaynakları.
Alt başlık biçimi Sanat.
-- El Becerileri.
-- Çocuk Aktiviteleri.
942 ## - EK GİRİŞ ÖGELERİ (KOHA)
Source of classification or shelving scheme Dewey Decimal Classification
Koha item type Kitap
Holdings
Kayıp Durumu Sınıflandırma Kaynağı Hasarlı Durumu Koleksiyon Kodu Kalıcı Konum Mevcut Konum Kayıt Tarih Edinim Kaynağı Toplam Ödünçverme Yer Numarası Demirbaş Numarası Son Görülme Tarihi Fatura Tarihi Materyal Türü
  Dewey Decimal Classification   İlkokul İLKOKUL KÜTÜPHANESİ İLKOKUL KÜTÜPHANESİ 21/11/2024 Satınalma   R 740 ROC/R 22278 21/11/2024 21/11/2024 Kitap